Telephone Skills At Work : (Record no. 592126)

MARC details
000 -LEADER
fixed length control field 00491nam a2200193 a 4500
008 - FIXED-LENGTH DATA ELEMENTS--GENERAL INFORMATION
fixed length control field 251017s1993##################000#0#eng##
020 ## - INTERNATIONAL STANDARD BOOK NUMBER
ISBN 9781556238581
082 04 - DEWEY DECIMAL CLASSIFICATION NUMBER
Classification number 658.452
Item number FIS
100 1# - MAIN ENTRY--AUTHOR NAME
Personal name Fisher, Judith E.,
245 10 - TITLE STATEMENT
Title Telephone Skills At Work :
260 ## - PUBLICATION, DISTRIBUTION, ETC. (IMPRINT)
Name of publisher McGraw-Hill Education,
Year of publication 1993.
300 ## - PHYSICAL DESCRIPTION
Number of Pages 108 pages
650 #0 - SUBJECT ADDED ENTRY--TOPICAL TERM
Topical Term Business & Economics.
942 ## - ADDED ENTRY ELEMENTS (KOHA)
Koha item type English Books
Holdings
Withdrawn status Lost status Damaged status Not for loan Home library Current library Shelving location Date acquired Full call number Accession Number Price effective from Koha item type
        Anna Centenary Library Anna Centenary Library 6TH FLOOR, B WING 17.10.2025 658.452 FIS 490944 17.10.2025 English Books

Find us on the map